Contribution a la faune des Acridoidea de Colombie (Registro nro. 12554)

Detalles MARC
000 -CABECERA
Campo de control 006600000a22002290004500
090 ## - CLASIFICACIÓN LOCAL
Colección AR
Consecutivo 03504
041 0# - IDIOMA
Código de idioma para texto/pista de sonido o título separado
100 1# - ASIENTO PRINCIPAL--NOMBRE PERSONAL
Nombre personal Descamps, Marius
245 10 - MENCION DE TITULO
Título Contribution a la faune des Acridoidea de Colombie
650 14 - ASIENTO SECUNDARIO DE MATERIA - TERMINO TEMATICO
Término temático o nombre geográfico como elemento de entrada Entomología
650 14 - ASIENTO SECUNDARIO DE MATERIA - TERMINO TEMATICO
Término temático o nombre geográfico como elemento de entrada Taxonomía animal
650 14 - ASIENTO SECUNDARIO DE MATERIA - TERMINO TEMATICO
Término temático o nombre geográfico como elemento de entrada Distribución geográfica
650 14 - ASIENTO SECUNDARIO DE MATERIA - TERMINO TEMATICO
Término temático o nombre geográfico como elemento de entrada Morfología animal
650 14 - ASIENTO SECUNDARIO DE MATERIA - TERMINO TEMATICO
Término temático o nombre geográfico como elemento de entrada Biología
650 14 - ASIENTO SECUNDARIO DE MATERIA - TERMINO TEMATICO
Término temático o nombre geográfico como elemento de entrada Acridiología
651 #4 - ASIENTO SECUNDARIO DE MATERIA - NOMBRE GEOGRAFICO
-- Colombia
653 ## - TERMINO DE INDIZACION - NO CONTROLADO
-- Syntomacris
653 ## - TERMINO DE INDIZACION - NO CONTROLADO
-- Pseudococama
700 1# - ASIENTO SECUNDARIO - NOMBRE PERSONAL
Nombre personal Amedegnato, Christiane
773 1# - Item fuente:
Título Ann. Soc. Ent. Fr.
Descripción física 1
Paginas del Articulo 95-113
Lugar, editorial y fecha de publicación 1971
Información sobre la relación 7
942 ## - ELEMENTOS ADICIONALES (KOHA)
Tipo de ítem Artículo
Existencias
Withdrawn status Lost status Damaged status No para préstamo Colección Ubicación Permanente Ubicación actual Fecha de adquisición Datos de publicación Seriada Total Checkouts Número topográfico Inventario / Código de Barras Date last seen Price effective from Forma de adquisición Tipo de material
      No para Préstamo Hemeroteca Bogotá Bogotá 27/02/2015 Fuera de circulación   AR 03504 014438 25/03/2015 25/03/2015   Artículo